000
00308nam a22001337a 4500
008
181107b xxu||||| |||| 00| 0 eng d
020
_a
9780534080884
041
_a
eng
080
_2
3 th
_a
610
100
_a
2
101
_a
SHM
245
_a
Basic Issues In Medical Ethics
_c
Munson.R
942
_2
udc
_c
BK
999
_c
52191
_d
52191